000 00528nam a2200217Ia 4500
005 20250425162012.0
008 250425s9999 xx 000 0 und d
041 _aeng
082 _a669.9
100 _aHENRY, O H
245 0 _aWELDING METALLURGY: IRON AND STEEL
250 _a2ND ED.
260 _aEstados Unidos
_bAMERICAN WELDING SOCIETY
_c1950
260 _aS.L.
300 _a505
650 _aESTRUCTURA INTERNA
650 _aMETALURGIA
650 _aPROPIEDADES MECANICAS
942 _c01
010 _a39567
999 _c220424
_d220424